Detalles MARC
| 000 -LÍDER |
| Campo fijo de descripción fija |
01277cam a2200373 i 4500 |
| 001 - NÚMERO DE CONTROL |
| Campo de control |
141740 |
| 003 - IDENTIFICADOR DEL NÚMERO DE CONTROL |
| Campo de control |
OCoLC |
| 005 - FECHA Y HORA DE LA ULTIMA TRANSACCIÓN |
| control field |
20190429105823.0 |
| 008 - ELEMENTOS DE LONGITUD FIJA -- INFORMACIÓN GENERAL |
| Campo fijo de descripción fija -- Información general |
710527s1971 tnu g b 000 0beng |
| 010 ## - NÚMERO DE CONTROL DE LA BIBLIOTECA DEL CONGRESO |
| Número de control LC |
79148070 |
| 020 ## - NÚMERO INTERNACIONAL NORMALIZADO PARA LIBROS |
| Número Internacional Normalizado del libro |
0687180333 |
| 020 ## - NÚMERO INTERNACIONAL NORMALIZADO PARA LIBROS |
| Número Internacional Normalizado del libro |
9780687180332 |
| 040 ## - FUENTE DE CATALOGACIÓN |
| Agencia de catalogación original |
DLC |
| Idioma de catalogación |
spa |
| Convenciones de la descripción |
rda |
| Agencia que realiza la transcripción |
CO-MdFUSB |
| Agencia que realiza la modificación |
OCL |
| -- |
OCLCG |
| -- |
AU@ |
| -- |
NVS |
| -- |
P4I |
| -- |
OCLCF |
| -- |
OCLCQ |
| -- |
OCLCA |
| -- |
XII |
| -- |
OCLCA |
| -- |
NZABT |
| -- |
MNLUT |
| -- |
OCLCQ |
| -- |
UKMGB |
| -- |
UWO |
| 041 1# - CÓDIGO DE IDIOMA |
| Código de idioma para texto/pista de sonido o título separado |
eng |
| Código de idioma original |
fre |
| 082 ## - NÚMERO DE CLASIFICACIÓN DECIMAL DEWEY |
| Número de la edición del Dewey |
24 |
| Número de clasificación |
G 230.42092 |
| Clave de autor-Numero de item |
S798h |
| 100 1# - ASIENTO PRINCIPAL--NOMBRE PERSONAL |
| Nombre personal |
Stauffer, Richard, |
| Fechas asociadas con el nombre |
1921-1984, |
| Término relacionador |
autor. |
| 240 10 - TITULO UNIFORME |
| Título uniforme |
<a href="Humanité de Calvin.">Humanité de Calvin.</a> |
| 245 04 - TÍTULO |
| Título del Material |
The humanness of John Calvin |
| Mención de responsabilidad, etc. |
/ Richard Stauffer ; traducido por George H. Shriver. |
| 264 #1 - PRODUCCIÓN, PUBLICACIÓN, DISTRIBUCIÓN, MANUFACTURA, Y COPYRIGHT |
| Lugar de producción, publicación, distribución, manufactura |
Nashville, Tennessee : |
| Nombre del productor, publicador, distribuidor |
Abingdon Press, |
| Fecha de producción, publicación, distribución, manufactura, o copyright |
℗[1971] |
| 264 #4 - PRODUCCIÓN, PUBLICACIÓN, DISTRIBUCIÓN, MANUFACTURA, Y COPYRIGHT |
| Fecha de producción, publicación, distribución, manufactura, o copyright |
©1971. |
| 300 ## - DESCRIPCIÓN FÍSICA |
| Extensión |
96 páginas ; |
| Dimensiones |
20 cm. |
| 336 ## - TIPO DE CONTENIDO |
| Fuente |
rdacontent. |
| Término de tipo de contenido |
texto |
| Código de tipo de contenido |
txt |
| 337 ## - TIPO DE MEDIO |
| Fuente |
rdamedia. |
| Nombre del tipo de medio |
sin mediación |
| Código del tipo de medio |
n |
| 338 ## - TIPO DE SOPORTE |
| Fuente |
rdacarrier. |
| Nombre del tipo de soporte |
volumen |
| Código Tipo de soporte |
nc |
| 500 ## - NOTA GENERAL |
| Nota General |
Traducción de: L'humanité de Calvin. |
| 505 0# - NOTA DE CONTENIDO |
| Nota de contenido con formato preestablecido |
Introducción -- Esposo y padre -- Amigo -- Pastor -- Conclusión. |
| 600 10 - ASIENTO SECUNDARIO DE MATERIA - NOMBRE PERSONAL |
| Nombre personal |
Calvin, Jean, |
| Fechas asociadas con el nombre |
1509-1564. |
| 600 17 - ASIENTO SECUNDARIO DE MATERIA - NOMBRE PERSONAL |
| Nombre personal |
Calvin, Jean, |
| Fechas asociadas con el nombre |
1509-1564 |
| Fuente del encabezamiento o término |
fast |
| 720 ## - ASIENTO SECUNDARIO - NOMBRE NO CONTROLADO |
| Nombre |
Shriver, George |
| 942 ## - TIPO DE MATERIAL (KOHA) |
| Tipo de Item KOHA |
Libros General |